000 00863nam a22002657i 4500
003 DO-SdBNP
005 20241218092235.0
007 ta
008 240404b2023 dr ||||| |||| 00| 0 spa d
020 _a9789945647082
040 _aDO-SdBNP
_bspa
_cBNPHU
_erda
041 _aspa
100 1 _aLuis, María
_qMaría del Carmen Luis Charles
_985126
_4aut.
245 1 3 _aEl poder del enfoque /
_cMaría Luis.
250 _aPrimera edición
264 4 _aSanto Domingo :
_bEditorial Bien etre,
_c©2023.
300 _a162 páginas :
_bilustraciones ;
_c22 cm.
336 _atexto
_btxt
_2rdacontent
337 _asin mediación
_bn
_2rdamedia
338 _avolumen
_bnc
_2rdacarrier
500 _aIncluye datos biográficos de la autora en las páginas 161-162
504 _aBibliografía : p. 159-160
590 _aInventariado, 2024 /LP
942 _2ddc
_cLBS1
999 _c56245
_d56245